00329nam a2200121Ia 4500008004100000024001500041082001900056100001800075245003000093260002500123600002100148650003800169250506s9999 xx 000 0 und d a10B-111-BS a330.178072 NAV aNaveed Asghar 0aSmart Bil pay (code book) aKarachi:bUIT,c2010 aComputer Science aBachelor of Computer Science (BS)